|
|
|
|
| LEADER |
00000nta a2200000 i 4500 |
| 001 |
dolg21355 |
| 005 |
20200602095327.0 |
| 008 |
190513suuuu hu om 000 hun d |
| 040 |
|
|
|a BGE Dolgozattár Repozitórium
|b hun
|
| 041 |
|
|
|a hu
|
| 100 |
1 |
|
|a Csáki Gábor
|
| 245 |
1 |
0 |
|a Instagram - Instant reklám és közösségépítés
|c Csáki Gábor
|h [elektronikus dokumentum]
|
| 246 |
1 |
1 |
|a Instagram - Instant reklám és közösségépítés
|
| 695 |
|
|
|a Instagram
|
| 695 |
|
|
|a Közösségi marketing
|
| 695 |
|
|
|a Facebook
|
| 700 |
1 |
|
|a Eszes dr István
|e ths
|
| 856 |
4 |
0 |
|u http://dolgozattar.uni-bge.hu/21355/1/SZAKDOLGOZAT_Cs%C3%A1ki%20G%C3%A1bor.pdf
|z Dokumentum-elérés
|